Intézkedések a hátralékos földbérek szigorúbb behajtására a város névre szóló felhívást intéz minden hátralékos bérlőnek

Elmentve itt :
Bibliográfiai részletek
Dokumentumtípus: Cikk
Megjelent: 1932-07-08
Sorozat:Délmagyarország 8 No. 154
Kulcsszavak:Földbérlet Szeged
Online Access:http://dmarchiv.bibl.u-szeged.hu/47737
LEADER 00520nab a2200145 i 4500
001 delm47737
005 20180927134916.0
008 180927s1932 hu o 0|| hun d
040 |a SZTE Délmagyarország Archívum  |b hun 
041 |a hun 
245 0 0 |a Intézkedések a hátralékos földbérek szigorúbb behajtására   |h [elektronikus dokumentum] :  |b a város névre szóló felhívást intéz minden hátralékos bérlőnek 
260 |c 1932-07-08 
300 |a 3-4 
490 0 |a Délmagyarország  |v 8 No. 154 
695 |a Földbérlet Szeged